| 000 | 00447nam a22001577a 4500 | ||
|---|---|---|---|
| 003 | OSt | ||
| 005 | 20120302151902.0 | ||
| 008 | 091204t xxu||||| |||| 00| 0 eng d | ||
| 035 | _a१७४८० | ||
| 040 | _cमराठी | ||
| 100 |
_aमहाजन, जगन्नाथ _910952 |
||
| 245 | _aकाळा चोर | ||
| 260 |
_aपुणे _bअनमोल _c२००७ |
||
| 300 | _b१२ पाने | ||
| 942 |
_2ddc _cBOOK |
||
| 999 |
_c495627 _d495624 |
||